Crítica y Crónicas Musicales
Salvato in:
| Autore principale: | |
|---|---|
| Natura: | Libro |
| Lingua: | spagnolo |
| Pubblicazione: |
Santiago
Imprenta Cisneros
1927
|
| Edizione: | 1a. ed |
| Soggetti: | |
| Tags: |
Aggiungi Tag
Nessun Tag, puoi essere il primo ad aggiungerne!!
|
MARC
| LEADER | 00000nam a2200000 a 4500 | ||
|---|---|---|---|
| 001 | UCJ8452 | ||
| 003 | CL-VaPUC | ||
| 008 | 070124e19270000CL |||||||||||||||||spa|d | ||
| 082 | 0 | 4 | |a 780 |b ARR |2 21 |
| 100 | 0 | |a Arrieta Cañas, Luis |e author |9 517208 | |
| 245 | 1 | 0 | |a Crítica y Crónicas Musicales |
| 250 | |a 1a. ed | ||
| 300 | |a 214 p | ||
| 942 | |c BK | ||
| 945 | |d 20070124 00:00:00 |a rinostro | ||
| 260 | |a Santiago |b Imprenta Cisneros |c 1927 | ||
| 650 | 0 | |a Música |9 306269 | |
| 650 | 7 | |a CRITICA MUSICAL |2 CL-VaPUC |9 517209 | |
| 583 | |a last modification |c 20070124 00:00:00 |k Rodrigo Vera | ||
| 999 | |c 324164 |d 324162 | ||
| 952 | |0 0 |1 0 |4 0 |6 780_000000000000000_ARR_1927 |7 0 |8 X |9 404107 |a FDOBUD |b FDOBUD |d 2019-11-22 |i 1078119 |o 780 ARR 1927 |p 1078119 |r 2019-11-22 |w 2019-11-22 |y BK_X |k BUD | ||